| 000 | 00589nam a2200193Ia 4500 | ||
|---|---|---|---|
| 003 | GCL | ||
| 008 | 140319s9999 xx 000 0 ara d | ||
| 040 |
_aGCL / _cGCL |
||
| 082 | 0 | 4 |
_a813.02 _bن هـ |
| 100 | 1 | _aنقولا يوسف | |
| 245 | 1 | 0 |
_aهم وهن :... اقاصيص (هديه من الآديب عبدالفتاح الجمل) / _cنقولا يوسف |
| 300 | _a206 | ||
| 490 |
_a100 قصة _v0 |
||
| 650 | 0 | 4 | _aالادب العربى |
| 650 | 0 | 4 | _aالقصص القصيرة |
| 650 | 0 | 4 | _aالادب |
| 650 | 0 | 4 | _aالقصة العربية القصيرة |
| 942 |
_2ddc _cBK |
||
| 999 |
_c43802 _d43802 |
||